000 00827nam a2200205 a 4500
003 0
005 20250619123908.0
008 021128s19uu xx 00 eng d
050 _aPHS PN 1992.6
_b.Y44 2000
100 _aYee, Kathrine Ann.
245 _aThe Effects of television on the study habits of high school students of Southville International School school year 1999-2000 /
_cKathrine Ann Yee.
260 _aLas PiƱas City, Philippines :
_bSouthville International School and Colleges,
_c2000.
300 _a27 pages :
_billustrations ;
_c28 cm.
504 _aIncludes bibliographical references.
650 _aTelevision and teenagers
_zPhilippines.
650 _aTelevision
_xPsychological aspects.
650 _aStudy habits
_zPhilippines.
650 _aMass media and education
_zPhilippines.
942 _2lcc
_cPASS
999 _c96415
_d96415